[Event "U18 Burschen rapid"]
[Site "AUT_boys_U18"]
[Date "2020.12.13"]
[Round "1"]
[White "Beckenbauer23"]
[Black "Flotschiiii"]
[Result "1-0"]
[WhiteElo "2112"]
[BlackElo "1778"]
[Annotator "NA"]
[PlyCount "99"]
[EventDate "2020.12.13"]
[EventType "blitz"]

1. e4 {[%emt 0:00:05]} c5 {[%emt 0:00:04]} 2. Nf3 {[%emt 0:00:02]} d6 {[%emt 0:00:01]} 3. d4 {[%emt 0:00:05]} cxd4 {[%emt 0:00:01]} 4. Nxd4 {[%emt 0:00:00]} Nf6 {[%emt 0:00:01]} 5. Nc3 {[%emt 0:00:01]} Nc6 {[%emt 0:00:01]} 6. Bg5 {[%emt 0:00:07]} e6 {[%emt 0:00:02]} 7. Qd2 {[%emt 0:00:09]} Be7 {[%emt 0:00:02]} 8. O-O-O {[%emt 0:00:18]} O-O {[%emt 0:00:06]} 9. f4 {[%emt 0:00:03]} d5 {[%emt 0:00:36]} 10. e5 {[%emt 0:00:12]} Ne8 {[%emt 0:00:17]} 11. h4 {[%emt 0:00:32]} f6 {[%emt 0:00:17]} 12. exf6 {[%emt 0:00:11]} Bxf6 {[%emt 0:00:00]} 13. Bxf6 {[%emt 0:00:34]} Qxf6 {[%emt 0:00:02]} 14. g3 {[%emt 0:00:01]} Nd6 {[%emt 0:01:46]} 15. Nf3 {[%emt 0:01:26]} a6 {[%emt 0:00:53]} 16. Bd3 {[%emt 0:00:49]} Nb4 {[%emt 0:00:54]} 17. Ng5 {[%emt 0:00:29]} Nxd3+ {[%emt 0:01:15]} 18. Qxd3 {[%emt 0:00:00]} Qf5 {[%emt 0:00:01]} 19. Rhe1 {[%emt 0:00:14]} h6 {[%emt 0:00:23]} 20. Nf3 {[%emt 0:00:06]} b5 {[%emt 0:00:27]} 21. Nd4 {[%emt 0:00:37]} Qxd3 {[%emt 0:00:28]} 22. Rxd3 {[%emt 0:00:00]} Nf5 {[%emt 0:00:39]} 23. Re5 {[%emt 0:00:55]} b4 {[%emt 0:00:12]} 24. Na4 {[%emt 0:00:14]} Kf7 {[%emt 0:00:30]} 25. Nb6 {[%emt 0:00:32]} Rb8 {[%emt 0:00:02]} 26. Nxc8 {[%emt 0:00:07]} Nxd4 {[%emt 0:00:18]} 27. Rxd4 {[%emt 0:00:26]} Rbxc8 {[%emt 0:00:11]} 28. Rxb4 {[%emt 0:00:04]} Rc6 {[%emt 0:00:02]} 29. Kd2 {[%emt 0:00:05]} Rfc8 {[%emt 0:00:02]} 30. c3 {[%emt 0:00:04]} Rc4 {[%emt 0:00:04]} 31. Rb7+ {[%emt 0:00:08]} Kf6 {[%emt 0:00:04]} 32. Kd3 {[%emt 0:00:11]} R8c7 {[%emt 0:00:03]} 33. Rxc7 {[%emt 0:00:17]} Rxc7 {[%emt 0:00:00]} 34. b3 {[%emt 0:00:05]} Ke7 {[%emt 0:00:04]} 35. c4 {[%emt 0:00:11]} Kd6 {[%emt 0:00:06]} 36. Kd4 {[%emt 0:00:13]} dxc4 {[%emt 0:00:04]} 37. bxc4 {[%emt 0:00:03]} Rd7 {[%emt 0:00:25]} 38. Ke4 {[%emt 0:00:17]} Rc7 {[%emt 0:00:09] Beckenbauer23 reconnected.} 39. c5+ {[%emt 0:01:46]} Rxc5 {[%emt 0:00:50]} 40. Rxc5 {[%emt 0:00:00]} Kxc5 {[%emt 0:00:00]} 41. Ke5 {[%emt 0:00:01]} Kb4 {[%emt 0:00:01]} 42. Kxe6 {[%emt 0:00:04]} Ka3 {[%emt 0:00:01]} 43. f5 {[%emt 0:00:02]} Kxa2 {[%emt 0:00:03]} 44. Kf7 {[%emt 0:00:03]} Kb3 {[%emt 0:00:07]} 45. Kxg7 {[%emt 0:00:03]} a5 {[%emt 0:00:01]} 46. f6 {[%emt 0:00:01]} a4 {[%emt 0:00:00]} 47. f7 {[%emt 0:00:01]} a3 {[%emt 0:00:00]} 48. f8=Q {[%emt 0:00:02]} a2 {[%emt 0:00:01]} 49. Qf1 {[%emt 0:00:02]} Kb2 {[%emt 0:00:02]} 50. Kxh6 {[%emt 0:00:01] Flotschiiii resigns} 1-0

[Event "U18 Burschen rapid"]
[Site "AUT_boys_U18"]
[Date "2020.12.13"]
[Round "1"]
[White "Dagobert Duck"]
[Black "Laurin3006"]
[Result "1-0"]
[WhiteElo "2030"]
[BlackElo "1620"]
[Annotator "NA"]
[PlyCount "53"]
[EventDate "2020.12.13"]
[EventType "blitz"]

1. Nf3 {[%emt 0:00:02]} d5 {[%emt 0:00:03]} 2. b3 {[%emt 0:00:05]} Bg4 {[%emt 0:00:04]} 3. Bb2 {[%emt 0:00:07]} Nf6 {[%emt 0:00:02]} 4. d3 {[%emt 0:00:11]} e6 {[%emt 0:00:05]} 5. Nbd2 {[%emt 0:00:03]} Be7 {[%emt 0:00:14]} 6. h3 {[%emt 0:00:22]} Bh5 {[%emt 0:00:11]} 7. g4 {[%emt 0:00:15]} Bg6 {[%emt 0:00:04]} 8. Ne5 {[%emt 0:00:14]} Nbd7 {[%emt 0:00:47]} 9. Ndf3 {[%emt 0:00:28]} Nxe5 {[%emt 0:00:22]} 10. Nxe5 {[%emt 0:00:05]} Bd6 {[%emt 0:00:01]} 11. e3 {[%emt 0:00:30]} Bxe5 {[%emt 0:00:32]} 12. Bxe5 {[%emt 0:00:03]} h6 {[%emt 0:00:02]} 13. Qf3 {[%emt 0:01:24]} O-O {[%emt 0:00:49]} 14. Bxf6 {[%emt 0:01:56]} Qxf6 {[%emt 0:00:03]} 15. Qxf6 {[%emt 0:00:01]} gxf6 {[%emt 0:00:00]} 16. Bg2 {[%emt 0:00:03]} Kg7 {[%emt 0:00:49]} 17. f4 {[%emt 0:00:17]} f5 {[%emt 0:00:58]} 18. Kd2 {[%emt 0:00:51]} Rac8 {[%emt 0:00:26]} 19. Rag1 {[%emt 0:00:07]} Kh7 {[%emt 0:00:32]} 20. Bf3 {[%emt 0:00:58]} f6 {[%emt 0:01:07]} 21. gxf5 {[%emt 0:00:25]} Bxf5 {[%emt 0:00:08]} 22. h4 {[%emt 0:00:01]} Rg8 {[%emt 0:00:27]} 23. h5 {[%emt 0:00:13]} c6 {[%emt 0:00:46]} 24. e4 {[%emt 0:00:23]} dxe4 {[%emt 0:00:33]} 25. dxe4 {[%emt 0:00:02]} Rxg1 {[%emt 0:00:06]} 26. Rxg1 {[%emt 0:00:01]} Bh3 {[%emt 0:00:01]} 27. Rh1 {[%emt 0:00:52] Laurin3006 resigns} 1-0

[Event "U18 Burschen rapid"]
[Site "AUT_boys_U18"]
[Date "2020.12.13"]
[Round "1"]
[White "Jakob19"]
[Black "Nicolas Moser"]
[Result "1-0"]
[WhiteElo "2024"]
[BlackElo "1627"]
[Annotator "NA"]
[PlyCount "107"]
[EventDate "2020.12.13"]
[EventType "blitz"]

1. d4 {[%emt 0:00:03]} d5 {[%emt 0:00:02]} 2. c4 {[%emt 0:00:02]} e6 {[%emt 0:00:01]} 3. Nf3 {[%emt 0:00:02]} Nf6 {[%emt 0:00:03]} 4. g3 {[%emt 0:00:01]} c6 {[%emt 0:00:13]} 5. Bg2 {[%emt 0:00:02]} Be7 {[%emt 0:00:06]} 6. O-O {[%emt 0:00:03]} O-O {[%emt 0:00:02]} 7. Qc2 {[%emt 0:00:01]} Nbd7 {[%emt 0:00:06]} 8. Nbd2 {[%emt 0:00:02]} a6 {[%emt 0:00:27]} 9. b3 {[%emt 0:00:16]} b5 {[%emt 0:00:05]} 10. c5 {[%emt 0:00:33]} Qc7 {[%emt 0:00:34]} 11. Bb2 {[%emt 0:00:11]} Bb7 {[%emt 0:00:22]} 12. a4 {[%emt 0:00:33]} h6 {[%emt 0:00:21]} 13. b4 {[%emt 0:00:14]} Nh7 {[%emt 0:01:18]} 14. e4 {[%emt 0:00:20]} Ng5 {[%emt 0:00:11]} 15. Nxg5 {[%emt 0:00:10]} Bxg5 {[%emt 0:00:03]} 16. f4 {[%emt 0:00:16]} Be7 {[%emt 0:00:16]} 17. e5 {[%emt 0:00:04]} Qd8 {[%emt 0:01:06]} 18. f5 {[%emt 0:00:47]} Bg5 {[%emt 0:00:08]} 19. h4 {[%emt 0:00:14]} Be3+ {[%emt 0:00:18]} 20. Kh2 {[%emt 0:00:02]} Bxd2 {[%emt 0:00:04]} 21. Qxd2 {[%emt 0:00:02]} Qc7 {[%emt 0:00:41]} 22. f6 {[%emt 0:00:08]} Kh7 {[%emt 0:00:41]} 23. Bc1 {[%emt 0:00:13]} Rh8 {[%emt 0:00:12]} 24. Ra3 {[%emt 0:00:50]} Kg8 {[%emt 0:00:17]} 25. fxg7 {[%emt 0:00:10]} Kxg7 {[%emt 0:00:03]} 26. Qf4 {[%emt 0:00:14]} Raf8 {[%emt 0:00:38]} 27. Qg4+ {[%emt 0:00:24]} Kh7 {[%emt 0:00:04]} 28. Qh5 {[%emt 0:00:10]} Kg7 {[%emt 0:00:03]} 29. Raf3 {[%emt 0:00:05]} Nb8 {[%emt 0:00:19]} 30. Rf6 {[%emt 0:00:06]} Rh7 {[%emt 0:00:54]} 31. Rxh6 {[%emt 0:01:10]} Rfh8 {[%emt 0:00:33]} 32. Rxh7+ {[%emt 0:00:56]} Rxh7 {[%emt 0:00:01]} 33. Qg4+ {[%emt 0:00:09]} Kf8 {[%emt 0:00:44]} 34. Qg6 {[%emt 0:00:23]} Rh8 {[%emt 0:00:23]} 35. Bh6+ {[%emt 0:00:04]} Ke8 {[%emt 0:00:07]} 36. Qg7 {[%emt 0:00:02]} Rxh6 {[%emt 0:00:11]} 37. Qxh6 {[%emt 0:00:01]} bxa4 {[%emt 0:00:01]} 38. Qh8+ {[%emt 0:00:09]} Ke7 {[%emt 0:00:01]} 39. Rxf7+ {[%emt 0:00:03]} Kxf7 {[%emt 0:00:04]} 40. Qh7+ {[%emt 0:00:01]} Kf8 {[%emt 0:00:05]} 41. Qxc7 {[%emt 0:00:02]} a3 {[%emt 0:00:01]} 42. Qxb8+ {[%emt 0:00:01]} Kg7 {[%emt 0:00:06]} 43. Qxb7+ {[%emt 0:00:01]} Kg6 {[%emt 0:00:01]} 44. Qxa6 {[%emt 0:00:01]} Kh5 {[%emt 0:00:02]} 45. Qxa3 {[%emt 0:00:03]} Kg6 {[%emt 0:00:01]} 46. b5 {[%emt 0:00:01]} cxb5 {[%emt 0:00:02]} 47. c6 {[%emt 0:00:01]} b4 {[%emt 0:00:01]} 48. Qxb4 {[%emt 0:00:01]} Kh5 {[%emt 0:00:02]} 49. c7 {[%emt 0:00:01]} Kg4 {[%emt 0:00:01]} 50. c8=Q {[%emt 0:00:03]} Kh5 {[%emt 0:00:00]} 51. Bf3+ {[%emt 0:00:02]} Kh6 {[%emt 0:00:02]} 52. Qxe6+ {[%emt 0:00:01]} Kh7 {[%emt 0:00:01]} 53. Qb7+ {[%emt 0:00:01]} Kh8 {[%emt 0:00:02]} 54. Qec8# {[%emt 0:00:02] Mate Mate} 1-0

[Event "U18 Burschen rapid"]
[Site "AUT_boys_U18"]
[Date "2020.12.13"]
[Round "1"]
[White "Kreuzturm"]
[Black "Konstantin Peyrer"]
[Result "0-1"]
[WhiteElo "1956"]
[BlackElo "2193"]
[PlyCount "56"]
[EventDate "2020.12.13"]
[EventType "blitz"]
[TimeControl "600+3"]

1. Nf3 {[%emt 0:00:07]} Nf6 {[%emt 0:00:03]} 2. d4 {[%emt 0:00:05]} g6 {[%emt 0:00:01]} 3. g3 {[%emt 0:00:01]} Bg7 {[%emt 0:00:01]} 4. Bg2 {[%emt 0:00:00]} O-O {[%emt 0:00:00]} 5. O-O {[%emt 0:00:01]} d5 {[%emt 0:00:00]} 6. c4 {[%emt 0:00:04]} dxc4 {[%emt 0:00:01]} 7. Na3 {[%emt 0:00:02]} c3 {[%emt 0:00:01]} 8. bxc3 {[%emt 0:00:02]} c5 {[%emt 0:00:00]} 9. Nc4 {[%emt 0:00:23]} Nc6 {[%emt 0:00:03]} 10. Nce5 {[%emt 0:00:08]} Nxe5 {[%emt 0:00:11]} 11. Nxe5 {[%emt 0:00:03]} Nd5 {[%emt 0:00:21]} 12. Bb2 {[%emt 0:00:15]} Nb6 {[%emt 0:00:11]} 13. Rb1 {[%emt 0:00:32]} Qc7 {[%emt 0:00:03]} 14. Nf3 {[%emt 0:00:06]} Bf5 {[%emt 0:00:05]} 15. Rc1 {[%emt 0:00:02]} Rfd8 {[%emt 0:00:14]} 16. Nh4 {[%emt 0:00:03]} Be6 {[%emt 0:00:02]} 17. a3 {[%emt 0:00:09]} Rac8 {[%emt 0:00:51]} 18. e4 {[%emt 0:00:22]} Bc4 {[%emt 0:00:08]} 19. Re1 {[%emt 0:00:03]} Qd7 {[%emt 0:00:02]} 20. Nf3 {[%emt 0:00:13]} Qb5 {[%emt 0:00:13]} 21. Qd2 {[%emt 0:00:46]} e6 {[%emt 0:00:14]} 22. Red1 {[%emt 0:00:40]} Bb3 {[%emt 0:00:07]} 23. Re1 {[%emt 0:00:01]} Nc4 {[%emt 0:00:10]} 24. Qe2 {[%emt 0:00:03]} Qa4 {[%emt 0:00:15]} 25. Nd2 {[%emt 0:00:29]} Nxb2 {[%emt 0:00:05]} 26. Nxb3 {[%emt 0:00:03]} Qxb3 {[%emt 0:00:00]} 27. Rb1 {[%emt 0:00:01]} Qxc3 {[%emt 0:00:02]} 28. Rxb2 {[%emt 0:00:02]} cxd4 {[%emt 0:00:02] Kreuzturm resigns} 0-1

[Event "U18 Burschen rapid"]
[Site "AUT_boys_U18"]
[Date "2020.12.13"]
[Round "1"]
[White "UrosN"]
[Black "XsuperMario"]
[Result "1-0"]
[WhiteElo "1827"]
[BlackElo "1460"]
[Annotator "NA"]
[PlyCount "85"]
[EventDate "2020.12.13"]
[EventType "blitz"]

1. d4 {[%emt 0:00:02]} d5 {[%emt 0:00:01]} 2. c4 {[%emt 0:00:01]} e6 {[%emt 0:00:01]} 3. Nc3 {[%emt 0:00:01]} Nf6 {[%emt 0:00:01]} 4. Bg5 {[%emt 0:00:01]} h6 {[%emt 0:00:05]} 5. Bh4 {[%emt 0:00:03]} c6 {[%emt 0:00:04]} 6. Nf3 {[%emt 0:00:06]} Be7 {[%emt 0:00:01]} 7. e3 {[%emt 0:00:03]} O-O {[%emt 0:00:01]} 8. Bd3 {[%emt 0:00:06]} Re8 {[%emt 0:00:10]} 9. O-O {[%emt 0:00:03]} Nbd7 {[%emt 0:00:01]} 10. Qe2 {[%emt 0:00:11]} dxc4 {[%emt 0:00:08]} 11. Bxc4 {[%emt 0:00:00]} b5 {[%emt 0:00:01]} 12. Bd3 {[%emt 0:00:15]} Bb7 {[%emt 0:00:02]} 13. Rfd1 {[%emt 0:00:08]} Rc8 {[%emt 0:00:06]} 14. Rac1 {[%emt 0:00:16]} Nd5 {[%emt 0:00:48]} 15. Bg3 {[%emt 0:00:08]} N7b6 {[%emt 0:00:32]} 16. e4 {[%emt 0:00:34]} Nxc3 {[%emt 0:00:51]} 17. Rxc3 {[%emt 0:00:24]} Bf6 {[%emt 0:00:29]} 18. e5 {[%emt 0:02:10]} Bg5 {[%emt 0:00:02]} 19. Nxg5 {[%emt 0:00:35]} Qxg5 {[%emt 0:00:00]} 20. f4 {[%emt 0:00:03]} Qe7 {[%emt 0:00:21]} 21. Rc5 {[%emt 0:01:21]} Nd7 {[%emt 0:00:50]} 22. Rc2 {[%emt 0:00:03]} a6 {[%emt 0:00:46]} 23. Be4 {[%emt 0:00:27]} Red8 {[%emt 0:00:50]} 24. a3 {[%emt 0:00:27]} Nb6 {[%emt 0:00:23]} 25. Bf2 {[%emt 0:00:42]} Nd5 {[%emt 0:00:07]} 26. Qf3 {[%emt 0:00:11] XsuperMario offers a draw} Qd7 {[%emt 0:00:49]} 27. Rc5 {[%emt 0:00:14]} Rc7 {[%emt 0:00:27]} 28. Rdc1 {[%emt 0:00:20]} Rdc8 {[%emt 0:00:03]} 29. Be1 {[%emt 0:00:33]} Ba8 {[%emt 0:00:46]} 30. Ba5 {[%emt 0:00:07]} Ra7 {[%emt 0:00:04]} 31. Bxd5 {[%emt 0:00:01]} exd5 {[%emt 0:00:05]} 32. f5 {[%emt 0:00:06]} Kf8 {[%emt 0:00:55]} 33. Bb4 {[%emt 0:00:08]} Kg8 {[%emt 0:00:08]} 34. Bd2 {[%emt 0:00:11]} Rac7 {[%emt 0:00:34]} 35. Qg4 {[%emt 0:00:04]} Kh7 {[%emt 0:00:11]} 36. R1c3 {[%emt 0:00:11]} Rg8 {[%emt 0:00:04]} 37. Rh3 {[%emt 0:00:14]} g5 {[%emt 0:00:30]} 38. Qh5 {[%emt 0:00:09]} Rg6 {[%emt 0:00:34]} 39. fxg6+ {[%emt 0:00:03]} fxg6 {[%emt 0:00:00]} 40. Qxh6+ {[%emt 0:00:01]} Kg8 {[%emt 0:00:01]} 41. Qh8+ {[%emt 0:00:04]} Kf7 {[%emt 0:00:01]} 42. Rh7+ {[%emt 0:00:00]} Ke6 {[%emt 0:00:01]} 43. Qf6# {[%emt 0:00:00] Mate Mate} 1-0

[Event "U18 Burschen rapid"]
[Site "AUT_boys_U18"]
[Date "2020.12.13"]
[Round "1"]
[White "Jules2520"]
[Black "Aljoscha7"]
[Result "1-0"]
[WhiteElo "1676"]
[BlackElo "1415"]
[Annotator "NA"]
[PlyCount "39"]
[EventDate "2020.12.13"]
[EventType "blitz"]

1. e4 {[%emt 0:00:03]} c6 {[%emt 0:00:02]} 2. d4 {[%emt 0:00:02]} d5 {[%emt 0:00:03]} 3. Nc3 {[%emt 0:00:03]} dxe4 {[%emt 0:00:04]} 4. Nxe4 {[%emt 0:00:00]} Nf6 {[%emt 0:00:01]} 5. Nxf6+ {[%emt 0:00:07]} exf6 {[%emt 0:00:00]} 6. c3 {[%emt 0:00:08]} Bd6 {[%emt 0:00:02]} 7. Bd3 {[%emt 0:00:14]} O-O {[%emt 0:00:02]} 8. Qc2 {[%emt 0:00:15]} g6 {[%emt 0:00:49]} 9. Bh6 {[%emt 0:00:40]} Re8+ {[%emt 0:00:01]} 10. Ne2 {[%emt 0:00:02]} Nd7 {[%emt 0:00:16]} 11. h4 {[%emt 0:00:11]} Nf8 {[%emt 0:00:52]} 12. O-O-O {[%emt 0:00:39]} Qc7 {[%emt 0:00:18]} 13. h5 {[%emt 0:00:29]} f5 {[%emt 0:00:34]} 14. Kb1 {[%emt 0:01:45]} b5 {[%emt 0:00:08]} 15. Qd2 {[%emt 0:00:57]} Be6 {[%emt 0:00:25]} 16. Nf4 {[%emt 0:00:07]} Bxf4 {[%emt 0:00:54]} 17. Bxf4 {[%emt 0:00:05]} Qa5 {[%emt 0:00:02]} 18. b3 {[%emt 0:00:26]} Qa3 {[%emt 0:01:31]} 19. Be5 {[%emt 0:00:17]} a5 {[%emt 0:00:23]} 20. Qh6 {[%emt 0:00:27] Aljoscha7 resigns} 1-0

[Event "U18 Burschen rapid"]
[Site "AUT_boys_U18"]
[Date "2020.12.13"]
[Round "1"]
[White "Schröttner Tobias"]
[Black "Pernerstorfer_Max"]
[Result "0-1"]
[WhiteElo "1623"]
[BlackElo "1907"]
[Annotator "NA"]
[PlyCount "134"]
[EventDate "2020.12.13"]
[EventType "blitz"]

1. e4 {[%emt 0:00:03]} e5 {[%emt 0:00:01]} 2. Nf3 {[%emt 0:00:02]} Nc6 {[%emt 0:00:01]} 3. d4 {[%emt 0:00:02]} exd4 {[%emt 0:00:01]} 4. Nxd4 {[%emt 0:00:01]} Bc5 {[%emt 0:00:01]} 5. Be3 {[%emt 0:00:01]} Qf6 {[%emt 0:00:01]} 6. Nb5 {[%emt 0:00:01]} Bxe3 {[%emt 0:00:01]} 7. fxe3 {[%emt 0:00:01]} Qh4+ {[%emt 0:00:01]} 8. g3 {[%emt 0:00:01]} Qd8 {[%emt 0:00:00]} 9. Bc4 {[%emt 0:00:08]} Nf6 {[%emt 0:00:30]} 10. Nd2 {[%emt 0:00:03]} d6 {[%emt 0:00:05]} 11. Qe2 {[%emt 0:00:03]} a6 {[%emt 0:00:10]} 12. Nd4 {[%emt 0:00:03]} Ne5 {[%emt 0:00:02]} 13. Bb3 {[%emt 0:00:03]} Bh3 {[%emt 0:00:32]} 14. c3 {[%emt 0:00:51]} Qd7 {[%emt 0:00:17]} 15. Nc4 {[%emt 0:00:06]} Nxc4 {[%emt 0:01:55]} 16. Bxc4 {[%emt 0:00:04]} Nxe4 {[%emt 0:00:09]} 17. Qf3 {[%emt 0:00:17]} d5 {[%emt 0:00:28]} 18. Bb3 {[%emt 0:00:49]} O-O-O {[%emt 0:00:15]} 19. Ne2 {[%emt 0:00:53]} Bg4 {[%emt 0:00:26]} 20. Qf4 {[%emt 0:00:10]} f6 {[%emt 0:00:56]} 21. Qf1 {[%emt 0:00:17]} Bh3 {[%emt 0:00:17]} 22. Qf4 {[%emt 0:00:04]} g5 {[%emt 0:00:09]} 23. Qf3 {[%emt 0:00:23]} Nc5 {[%emt 0:00:56]} 24. Bc2 {[%emt 0:00:04]} Bg4 {[%emt 0:00:21]} 25. Qf2 {[%emt 0:00:05]} Ne4 {[%emt 0:00:12]} 26. Qf1 {[%emt 0:00:11]} Rhe8 {[%emt 0:00:36]} 27. O-O-O {[%emt 0:00:36]} Qe7 {[%emt 0:00:26]} 28. Re1 {[%emt 0:00:30]} Qc5 {[%emt 0:00:13]} 29. Nd4 {[%emt 0:00:04]} Qa5 {[%emt 0:00:13]} 30. a3 {[%emt 0:00:37]} c5 {[%emt 0:00:08]} 31. Nb3 {[%emt 0:00:05]} Qb6 {[%emt 0:00:04]} 32. Rg1 {[%emt 0:00:26]} Kb8 {[%emt 0:00:05]} 33. h3 {[%emt 0:00:02]} Bh5 {[%emt 0:00:03]} 34. Qg2 {[%emt 0:01:56]} Ka8 {[%emt 0:00:14]} 35. Nd2 {[%emt 0:00:05]} Bg6 {[%emt 0:00:22]} 36. g4 {[%emt 0:00:35]} Qd6 {[%emt 0:00:12]} 37. Nb3 {[%emt 0:00:07]} Re6 {[%emt 0:00:07]} 38. Re2 {[%emt 0:00:08]} Rde8 {[%emt 0:00:02]} 39. Rge1 {[%emt 0:00:13]} Qb6 {[%emt 0:00:06]} 40. Rd2 {[%emt 0:00:14]} Nxd2 {[%emt 0:00:06]} 41. Nxd2 {[%emt 0:00:05]} Bxc2 {[%emt 0:00:03]} 42. Kxc2 {[%emt 0:00:01]} d4 {[%emt 0:00:02]} 43. Nc4 {[%emt 0:00:12]} Qc7 {[%emt 0:00:18]} 44. Qd5 {[%emt 0:00:14]} dxe3 {[%emt 0:00:09]} 45. Re2 {[%emt 0:00:17]} Qc6 {[%emt 0:00:19]} 46. Qf5 {[%emt 0:00:13]} Qe4+ {[%emt 0:00:05]} 47. Qxe4 {[%emt 0:00:02]} Rxe4 {[%emt 0:00:01]} 48. Nd6 {[%emt 0:00:01]} R4e6 {[%emt 0:00:08]} 49. Nxe8 {[%emt 0:00:01]} Rxe8 {[%emt 0:00:00]} 50. Kd3 {[%emt 0:00:01]} Kb8 {[%emt 0:00:16]} 51. Rxe3 {[%emt 0:00:01]} Rxe3+ {[%emt 0:00:07]} 52. Kxe3 {[%emt 0:00:00]} Kc7 {[%emt 0:00:01]} 53. Ke4 {[%emt 0:00:00]} Kd6 {[%emt 0:00:01]} 54. Kf5 {[%emt 0:00:00]} Ke7 {[%emt 0:00:00]} 55. c4 {[%emt 0:00:02]} a5 {[%emt 0:00:04]} 56. a4 {[%emt 0:00:02]} Kf7 {[%emt 0:00:02]} 57. b3 {[%emt 0:00:26]} Ke7 {[%emt 0:00:05]} 58. Ke4 {[%emt 0:00:08]} Ke6 {[%emt 0:00:01]} 59. Kd3 {[%emt 0:00:02]} Ke5 {[%emt 0:00:03]} 60. Ke3 {[%emt 0:00:01]} f5 {[%emt 0:00:02]} 61. gxf5 {[%emt 0:00:01]} Kxf5 {[%emt 0:00:00]} 62. Kf3 {[%emt 0:00:01]} h5 {[%emt 0:00:01]} 63. Kg3 {[%emt 0:00:03]} Ke5 {[%emt 0:00:01]} 64. b4 {[%emt 0:00:06]} axb4 {[%emt 0:00:01]} 65. a5 {[%emt 0:00:01]} b3 {[%emt 0:00:01]} 66. a6 {[%emt 0:00:00]} bxa6 {[%emt 0:00:01]} 67. h4 {[%emt 0:00:00]} gxh4+ {[%emt 0:00:02] Schröttner Tobias resigns} 0-1

[Event "U18 Burschen rapid"]
[Site "AUT_boys_U18"]
[Date "2020.12.13"]
[Round "1"]
[White "Sachsenbrunnb3"]
[Black "Paligator"]
[Result "1/2-1/2"]
[WhiteElo "1620"]
[BlackElo "2031"]
[Annotator "NA"]
[PlyCount "169"]
[EventDate "2020.12.13"]
[EventType "blitz"]

1. Nf3 {[%emt 0:00:04]} d5 {[%emt 0:00:05]} 2. g3 {[%emt 0:00:01]} Nf6 {[%emt 0:00:03]} 3. Bg2 {[%emt 0:00:01]} c5 {[%emt 0:00:01]} 4. O-O {[%emt 0:00:02]} Nc6 {[%emt 0:00:02]} 5. d3 {[%emt 0:00:01]} e6 {[%emt 0:00:02]} 6. Nbd2 {[%emt 0:00:04]} Be7 {[%emt 0:00:11]} 7. c3 {[%emt 0:00:08]} O-O {[%emt 0:00:06]} 8. e4 {[%emt 0:00:05]} b5 {[%emt 0:00:06]} 9. e5 {[%emt 0:00:32]} Nd7 {[%emt 0:00:03]} 10. Re1 {[%emt 0:00:03]} a5 {[%emt 0:00:57]} 11. a4 {[%emt 0:01:00]} b4 {[%emt 0:03:00]} 12. Nf1 {[%emt 0:00:17]} Ba6 {[%emt 0:00:06]} 13. h4 {[%emt 0:00:23]} Qc7 {[%emt 0:00:19]} 14. Bf4 {[%emt 0:00:04]} Rfc8 {[%emt 0:00:01]} 15. N1h2 {[%emt 0:01:23]} Bf8 {[%emt 0:00:04]} 16. Ng5 {[%emt 0:01:09]} h6 {[%emt 0:01:31]} 17. Ngf3 {[%emt 0:03:24]} Rab8 {[%emt 0:00:09]} 18. g4 {[%emt 0:00:13]} bxc3 {[%emt 0:01:30]} 19. bxc3 {[%emt 0:00:01]} Rb2 {[%emt 0:00:02]} 20. h5 {[%emt 0:00:49]} Rcb8 {[%emt 0:00:02]} 21. g5 {[%emt 0:00:01]} hxg5 {[%emt 0:00:15]} 22. Nxg5 {[%emt 0:00:06]} Ne7 {[%emt 0:01:12]} 23. Ng4 {[%emt 0:00:42]} Nf5 {[%emt 0:00:11]} 24. Qf3 {[%emt 0:00:15]} Rc2 {[%emt 0:00:34]} 25. Rac1 {[%emt 0:00:16]} Rbb2 {[%emt 0:00:07]} 26. Rxc2 {[%emt 0:00:01]} Rxc2 {[%emt 0:00:01]} 27. Rc1 {[%emt 0:00:06]} Rxc1+ {[%emt 0:00:01]} 28. Bxc1 {[%emt 0:00:01]} Qb8 {[%emt 0:00:18]} 29. h6 {[%emt 0:00:08]} gxh6 {[%emt 0:00:10]} 30. Nh3 {[%emt 0:00:04]} Qb1 {[%emt 0:00:07]} 31. Qd1 {[%emt 0:00:03]} Qxd3 {[%emt 0:00:06]} 32. Qe1 {[%emt 0:00:02]} Bg7 {[%emt 0:00:07]} 33. Nf4 {[%emt 0:00:04]} Qc2 {[%emt 0:00:04]} 34. Nh5 {[%emt 0:00:02]} Bh8 {[%emt 0:00:07]} 35. Ngf6+ {[%emt 0:00:02]} Nxf6 {[%emt 0:00:01]} 36. Nxf6+ {[%emt 0:00:02]} Bxf6 {[%emt 0:00:01]} 37. exf6 {[%emt 0:00:01]} Qe2 {[%emt 0:00:01]} 38. Qxe2 {[%emt 0:00:07]} Bxe2 {[%emt 0:00:00]} 39. Bd2 {[%emt 0:00:06]} Bd1 {[%emt 0:00:01]} 40. Bf1 {[%emt 0:00:03]} Bxa4 {[%emt 0:00:02]} 41. c4 {[%emt 0:00:01]} d4 {[%emt 0:00:03]} 42. Bxa5 {[%emt 0:00:01]} Nd6 {[%emt 0:00:09]} 43. Bb6 {[%emt 0:00:05]} Nb7 {[%emt 0:00:02]} 44. Bg2 {[%emt 0:00:02]} Nd6 {[%emt 0:00:07]} 45. Bxc5 {[%emt 0:00:03]} Nxc4 {[%emt 0:00:01]} 46. Bxd4 {[%emt 0:00:02]} Bc2 {[%emt 0:00:01]} 47. Bf1 {[%emt 0:00:04]} Nd2 {[%emt 0:00:03]} 48. Be2 {[%emt 0:00:02]} Be4 {[%emt 0:00:02]} 49. Be3 {[%emt 0:00:03]} Nb3 {[%emt 0:00:07]} 50. Bxh6 {[%emt 0:00:02]} Nd4 {[%emt 0:00:00]} 51. Bg4 {[%emt 0:00:05]} Kh7 {[%emt 0:00:02]} 52. Be3 {[%emt 0:00:02]} Nc6 {[%emt 0:00:02]} 53. f3 {[%emt 0:00:04]} Bd3 {[%emt 0:00:07]} 54. Bh5 {[%emt 0:00:02]} Bg6 {[%emt 0:00:02]} 55. Bg4 {[%emt 0:00:04]} Ne5 {[%emt 0:00:01]} 56. Kf2 {[%emt 0:00:04]} Nd7 {[%emt 0:00:02]} 57. Kg3 {[%emt 0:00:03]} Nxf6 {[%emt 0:00:02]} 58. Bd4 {[%emt 0:00:03]} Nd5 {[%emt 0:00:03]} 59. f4 {[%emt 0:00:05]} Ne7 {[%emt 0:00:02]} 60. Bf6 {[%emt 0:00:02]} Nd5 {[%emt 0:00:01]} 61. Be5 {[%emt 0:00:04]} Be4 {[%emt 0:00:06]} 62. Kf2 {[%emt 0:00:04]} Kg6 {[%emt 0:00:03]} 63. Bf3 {[%emt 0:00:02]} Bxf3 {[%emt 0:00:01]} 64. Kxf3 {[%emt 0:00:01]} f6 {[%emt 0:00:01]} 65. Bb8 {[%emt 0:00:03]} Kf5 {[%emt 0:00:01]} 66. Kg3 {[%emt 0:00:03]} Ke4 {[%emt 0:00:04]} 67. Kg4 {[%emt 0:00:07]} Ne3+ {[%emt 0:00:10]} 68. Kg3 {[%emt 0:00:03]} Nf5+ {[%emt 0:00:07]} 69. Kg4 {[%emt 0:00:01]} Nd4 {[%emt 0:00:02]} 70. Kg3 {[%emt 0:00:03]} Ne2+ {[%emt 0:00:01]} 71. Kg4 {[%emt 0:00:01]} Nc3 {[%emt 0:00:07]} 72. Kg3 {[%emt 0:00:04]} Nd5 {[%emt 0:00:02]} 73. Kg4 {[%emt 0:00:02]} Ne7 {[%emt 0:00:01]} 74. Bd6 {[%emt 0:00:04]} Nc6 {[%emt 0:00:04]} 75. Kg3 {[%emt 0:00:04]} Kd5 {[%emt 0:00:03]} 76. Bc7 {[%emt 0:00:02]} Ke4 {[%emt 0:00:02]} 77. Kg4 {[%emt 0:00:03]} f5+ {[%emt 0:00:05]} 78. Kg5 {[%emt 0:00:05]} Ne7 {[%emt 0:00:01]} 79. Be5 {[%emt 0:00:04]} Nd5 {[%emt 0:00:02]} 80. Bb8 {[%emt 0:00:03]} Nxf4 {[%emt 0:00:05]} 81. Bxf4 {[%emt 0:00:01]} e5 {[%emt 0:00:01]} 82. Bc1 {[%emt 0:00:05]} f4 {[%emt 0:00:02]} 83. Kg4 {[%emt 0:00:02]} Kd3 {[%emt 0:00:09]} 84. Bxf4 {[%emt 0:00:02]} exf4 {[%emt 0:00:01]} 85. Kxf4 {[%emt 0:00:01] No Material No Material} 1/2-1/2